000
00284nam a2200109Ia 4500
008
200302s9999 xx 000 0 und d
100
_a
Walter R. Jaggard
245
_a
Architectural Building Consturction
260
_b
Cambridge At the University Press
260
_c
1945
300
_a
287 P.,
999
_c
10
_d
10